[Event "Muensterland Verbandsklasse-A 0607"]
[Site "Germany"]
[Date "2006.09.23"]
[Round "1.4"]
[White "Koetting, Hans Erich"]
[Black "Klausmeier, Achim"]
[Result "1-0"]
[WhiteElo "1825"]
[BlackElo "1766"]
[PlyCount "47"]
[EventDate "2006.09.23"]
[EventType "team"]
[EventRounds "9"]
[EventCountry "GER"]
[SourceTitle "EXT 2008"]
[Source "ChessBase"]
[SourceDate "2007.11.25"]
[SourceVersion "1"]
[SourceVersionDate "2007.11.25"]
[SourceQuality "1"]
[WhiteTeam "Duelmen"]
[BlackTeam "Ibbenbueren"]
[WhiteTeamCountry "GER"]
[BlackTeamCountry "GER"]

1. e4 c5 2. Nf3 Nc6 3. d4 cxd4 4. Nxd4 Nf6 5. Nc3 d6 6. Be2 e6 7. Be3 Be7 8. f4 0-0 9. 0-0 a6 10. Bf3 Qc7 11. Qe1 Bd7 12. Nb3 Rab8 13. a4 b6 14. Qf2 Nb4 15. Rae1 Bc6 16. g4 d5 17. e5 Ne4 18. Bxe4 dxe4 19. f5 exf5 20. gxf5 Nd5 21. f6 Bc5 22. Nxd5 Bxd5 23. Bxc5 bxc5 24. Qg3 1-0

[Event "Muensterland Verbandsklasse-A 0506"]
[Site "Germany"]
[Date "2006.02.25"]
[Round "7.4"]
[White "Lipkin, Ilia"]
[Black "Klausmeier, Achim"]
[Result "1-0"]
[WhiteElo "1898"]
[BlackElo "1740"]
[PlyCount "89"]
[EventDate "2005.09.03"]
[EventType "team"]
[EventRounds "9"]
[EventCountry "GER"]
[SourceTitle "EXT 2006"]
[Source "ChessBase"]
[SourceDate "2005.11.24"]
[SourceVersion "1"]
[SourceVersionDate "2005.11.24"]
[SourceQuality "1"]
[WhiteTeam "Nienberge"]
[BlackTeam "Ibbenbueren"]
[WhiteTeamCountry "GER"]
[BlackTeamCountry "GER"]

1. Nf3 Nf6 2. g3 d5 3. Bg2 c5 4. 0-0 Nc6 5. d3 e6 6. Nbd2 Be7 7. e4 dxe4 8. dxe4 e5 9. c3 0-0 10. Qe2 Qc7 11. Nc4 h6 12. Nh4 Rd8 13. Nf5 Bf8 14. f4 b5 15. fxe5 Nxe5 16. Nxe5 Qxe5 17. Bf4 Qe8 18. Rae1 Bb7 19. Bc1 Qc6 20. Qf3 Re8 21. Nxh6+ gxh6 22. Qxf6 Qxf6 23. Rxf6 Bg7 24. Rf5 Rac8 25. Rh5 Kh7 26. Bh3 Rc7 27. Bf5+ Kg8 28. Bxh6 Bxh6 29. Rxh6 Rce7 30. Rh4 Bd5 31. b3 a5 32. Rg4+ Kh8 33. Kf2 c4 34. bxc4 Bxc4 35. a3 Rd8 36. Kf3 Rd3+ 37. Re3 Rd1 38. Kf4 Ra1 39. Rh4+ Kg8 40. Rg4+ Kh8 41. Rh4+ Kg8 42. g4 Rxa3 43. Reh3 Rc7 44. Rh8+ Kg7 45. e5 1-0

[Event "Muensterland Verbandsklasse-A 0506"]
[Site "Germany"]
[Date "2006.02.11"]
[Round "6.5"]
[White "Kemper, Andreas"]
[Black "Klausmeier, Achim"]
[Result "1-0"]
[WhiteElo "1844"]
[BlackElo "1740"]
[PlyCount "47"]
[EventDate "2005.09.03"]
[EventType "team"]
[EventRounds "9"]
[EventCountry "GER"]
[SourceTitle "EXT 2006"]
[Source "ChessBase"]
[SourceDate "2005.11.24"]
[SourceVersion "1"]
[SourceVersionDate "2005.11.24"]
[SourceQuality "1"]
[WhiteTeam "Ahaus Wessum"]
[BlackTeam "Ibbenbueren"]
[WhiteTeamCountry "GER"]
[BlackTeamCountry "GER"]

1. e4 d6 2. f4 Nf6 3. Nc3 c5 4. g3 g6 5. Bg2 Bg7 6. Nge2 Nc6 7. 0-0 0-0 8. h3 a6 9. g4 h5 10. g5 Nd7 11. Ng3 e5 12. d3 exf4 13. Bxf4 Nb6 14. Nxh5 gxh5 15. Qxh5 Ne5 16. Bxe5 dxe5 17. Rf3 Qd6 18. Raf1 Qg6 19. Qh4 Be6 20. Ne2 Nd7 21. Ng3 f6 22. Nf5 Qxg5 23. Ne7+ Kf7 24. Qxg5 1-0